00762nam a2200277Ia 4500003000400000005001700004008004100021020001800062050001700080050001800097100002100115245002300136245006000159260001700219260002500236260000900261300001600270300002000286300001100306440004400317500002000361650002800381650003100409650002200440650002200462SMC20170113085339.0160404s9999 xx 000 0 und d a971-08-1161-4 aMAIN HF 5726 b.J36 1970 c.2 aJanis, Harold J. aBusiness writing / cHarold J. Janis, Edward J. Kilduff, Howard R. Dressner. aMandaluyong: bNational Book Store, c1970 a330 pages : billustrations ; c21 cm. aBarnes & Nobles College Outline Series. aIncludes index. aBusiness communication. aCommercial correspondence. xBusiness writing. xBusiness writing.